Łatwy quiz wiedzy ogólnej #2 - Statystyki

Ogólne statystyki
  • Ten quiz został rozwiązany 6 444 razy
  • Średni wynik to 13 z 20
Statystyki odpowiedzi
Pytanie Odpowiedź % Poprawnych
Jak nazywa się stolica Niemiec? Berlin
100%
Jakie trzy państwa tworzą region Skandynawii? Norwegia
94%
Jakie trzy państwa tworzą region Skandynawii? Szwecja
93%
Jakie trzy państwa tworzą region Skandynawii? Dania
90%
Który słynny generał nosił nazwisko Bonaparte? Napoleon
89%
Jaka jest najdłuższa rzeka w Ameryce Południowej? Amazonka
88%
Jaka seria filmów opowiada o parku rozrywki, w którym ożywają dinozaury? Park Jurajski
80%
Jakie hiszpańskie słowo oznacza „cześć”? Hola
78%
Jaka jest najwyższa konstrukcja stworzona przez człowieka w Paryżu? Wieża Eiffla
75%
Jakie jest największe miasto w Chinach, którego nazwa zaczyna się na literę S? Szanghaj
71%
Jaki jest największy stan USA pod względem powierzchni? Alaska
68%
Kto napisał serię książek o Harrym Potterze? J. K. Rowling
67%
Kogo poślubiła Angelina Jolie w 2014 roku (i rozwiodła się w 2019 roku)? Brad Pitt
56%
Obywatele jakiego kraju są nieformalnie nazywani „Kiwi”? Nowa Zelandia
53%
Kto był rzymskim bogiem wojny? Mars
51%
Kto śpiewa piosenki „Tiny Dancer”, „Crocodile Rock” i „Rocket Man”? Elton John
26%
Jaki były iracki przywódca został stracony w 2006 roku? Saddam Husajn
23%
Jakie jest najpopularniejsze słowo w języku angielskim? The
21%
Jakie miejsce w USA jest znane jako Motor City? Detroit
20%
Jaki normański przywódca podbił Anglię w 1066 roku? Wilhelm Zdobywca
13%
Nie znaleziono quizów pasujących do podanych kryteriów
Rozkład punktacji
Procent ludzi z każdym wynikiem
Percentyl według liczby udzielonych odpowiedzi
Twoja historia wyników
Nie rozwiązałeś tego quizu